LEADER 02350nam 2200601 450 001 9910814640803321 005 20230201232758.0 010 $a3-11-165907-0 024 7 $a10.1515/9783111659077 035 $a(CKB)3390000000036103 035 $a(EBL)3043358 035 $a(OCoLC)922946541 035 $a(SSID)ssj0001051985 035 $a(PQKBManifestationID)11703242 035 $a(PQKBTitleCode)TC0001051985 035 $a(PQKBWorkID)11077039 035 $a(PQKB)10324861 035 $a(MiAaPQ)EBC3043358 035 $a(DE-B1597)89089 035 $a(OCoLC)979887099 035 $a(DE-B1597)9783111659077 035 $a(Au-PeEL)EBL3043358 035 $a(CaPaEBR)ebr10760403 035 $a(EXLCZ)993390000000036103 100 $a20140816h19681968 uy 0 101 0 $aeng 135 $aur||#|||||||| 181 $ctxt$2rdacontent 182 $cc$2rdamedia 183 $acr$2rdacarrier 200 12$aA comparative study of Yuman consonantism /$fAlan Campbell Wares 205 $aReprint 2012 210 1$aThe Hague, Netherlands :$cMouton,$d1968. 210 4$d©1968 215 $a1 online resource e (100 pages) $cmap 225 1 $aJanua Linguarum. Series Practica ;$v57 300 $aDescription based upon print version of record. 311 0 $a3-11-200042-0 311 0 $a3-11-127469-1 320 $aIncludes bibliographical references. 327 $tFront matter --$tPREFACE --$tCONTENTS --$tI. THE YUMAN FAMILY OF LANGUAGES --$tII. SOURCES OF LANGUAGE DATA --$tIII. GENERAL FEATURES OF YUMAN LANGUAGES --$tIV. THE PHONEMES OF WALAPAI --$tV. THE PHONEMES OF MOHAVE --$tVI. THE PHONEMES OF MARICOPA --$tVII. THE PHONEMES OF COCOPA --$tVIII. THE PHONEMES OF DIEGUEÑO --$tIX. THE PHONEMES OF TIPAI --$tX. THE PHONEMES OF PAIPAI --$tXI. THE PHONEMES OF KILIWA --$tXII. CLASSIFICATION OF YUMAN LANGUAGES --$tXIII. PROTO-YUMAN PHONOLOGY --$tXIV. COMPARATIVE YUMAN VOCABULARY --$tBIBLIOGRAPHY 410 0$aJanua linguarum.$pSeries practica ;$v57. 606 $aYuman languages$xPhonology 615 0$aYuman languages$xPhonology. 676 $a497.5 700 $aWares$b Alan Campbell$01660133 801 0$bMiAaPQ 801 1$bMiAaPQ 801 2$bMiAaPQ 906 $aBOOK 912 $a9910814640803321 996 $aA comparative study of Yuman consonantism$94015157 997 $aUNINA LEADER 02504oam 2200685 a 450 001 9910702169603321 005 20120917161357.0 035 $a(CKB)5470000002424440 035 $a(OCoLC)726193578 035 $a(EXLCZ)995470000002424440 100 $a20110520d2011 ua 0 101 0 $aeng 135 $aurmn||||a|||| 181 $ctxt$2rdacontent 182 $cc$2rdamedia 183 $acr$2rdacarrier 200 10$aSwine anesthesia and analgesia, 2000-2010$b[electronic resource] /$fcompiled by: Cynthia Smith 210 1$a[Beltsville, Md.] :$cU.S. Dept. of Agriculture, Agricultural Research Service, National Agricultural Library, Animal Welfare Information Center,$d[2011] 215 $a1 online resource (iv, 142 pages) 225 1 $aAWIC special reference brief ;$vSRB 11-01 300 $aTitle from title screen (viewed May 20, 2011). 300 $a"Published in cooperation with the Virginia-Maryland Regional College of Veterinary Medicine" 300 $a"February 2011." 330 $a"This bibliography updates and revises the Anesthesia chapter in AWIC's "Information Resources on Swine in Biomedical Research 1990-2000," AWIC Resource Series No. 11, February 2000 (online: http://www.nal.usda.gov/awic/pubs/swine/swine.htm)"--P. i. 606 $aSwine as laboratory animals$vBibliography 606 $aVeterinary anesthesia$vBibliography 606 $aVeterinary drugs$vBibliography 606 $aAnimal welfare$vBibliography 606 $aswine 606 $apain 606 $aanalgesia 606 $aanesthesia 606 $aanimal experimentation 606 $aanimal welfare 606 $aveterinary drugs 606 $abibliographies 608 $aBibliographies.$2lcgft 615 0$aSwine as laboratory animals 615 0$aVeterinary anesthesia 615 0$aVeterinary drugs 615 0$aAnimal welfare 615 3$aswine. 615 3$apain. 615 3$aanalgesia. 615 3$aanesthesia. 615 3$aanimal experimentation. 615 3$aanimal welfare. 615 3$aveterinary drugs. 615 3$abibliographies. 700 $aSmith$b Cynthia Petrie$01388020 712 02$aAnimal Welfare Information Center (U.S.) 712 02$aVirginia-Maryland Regional College of Veterinary Medicine. 801 0$bAGL 801 1$bAGL 801 2$bAGL 801 2$bGPO 906 $aBOOK 912 $a9910702169603321 996 $aSwine anesthesia and analgesia, 2000-2010$93438364 997 $aUNINA